000 00419nam a22001337a 4500
082 _a940.54
_bREN
_cL-30, P-12
100 _aRennell, Lord
_948979
245 _aBritish military administration of occupied territories in africa
_cRennell, Lord
260 _aLondon
_bHis Majesty's Stationery Office
_c1948
300 _aviii, 637 P
526 _a0
_b0
_c0
_d940_540000000000000_REN
650 _aMCE
_9379
942 _2ddc
_cBK
999 _c551822
_d551822